Detalles MARC
| 000 -LEADER |
| fixed length control field |
01402nam a2200277 a 4500 |
| 001 - CONTROL NUMBER |
| control field |
|
| 003 - CONTROL NUMBER IDENTIFIER |
| control field |
DO-SdBNP |
| 005 - DATE AND TIME OF LATEST TRANSACTION |
| control field |
20211119074236.0 |
| 008 - FIXED-LENGTH DATA ELEMENTS--GENERAL INFORMATION |
| fixed length control field |
091007t1999 dr r 001 p spa d |
| 020 ## - INTERNATIONAL STANDARD BOOK NUMBER |
| International Standard Book Number |
8493052914 |
| 040 ## - CATALOGING SOURCE |
| Original cataloging agency |
DO-SdBNP |
| Language of cataloging |
spa |
| Transcribing agency |
BPMSU |
| 082 ## - DEWEY DECIMAL CLASSIFICATION NUMBER |
| Classification number |
RD861.4408 |
| Item number |
M843a 1999 |
| Edition number |
22 |
| 245 00 - TITLE STATEMENT |
| Title |
Antología poética de Domingo Moreno Jimenes / |
| Statement of responsibility, etc. |
prólogo, selección y notas de Manuel Mora Serrano. |
| 260 ## - PUBLICATION, DISTRIBUTION, ETC. (IMPRINT) |
| Place of publication, distribution, etc. |
Santo Domingo : |
| Name of publisher, distributor, etc. |
Librería la Trinitaria, |
| Date of publication, distribution, etc. |
1999. |
| 300 ## - PHYSICAL DESCRIPTION |
| Extent |
135 p. ; |
| Dimensions |
21 cm. |
| 500 ## - GENERAL NOTE |
| General note |
Incluye datos biográficos del compilador en la solapa de la cubierta. |
| 505 0# - FORMATTED CONTENTS NOTE |
| Title |
Datos biográficos de Domingo Moreno Jimenes -- |
| -- |
La obra poética de Domingo Moreno Jimenes -- |
| -- |
Breve historia del Postumismo -- |
| -- |
Importancia de Moreno y del Postumismo en la poesía dominicana -- |
| -- |
Moreno Jimenes y del Postumismo en la literatura hispanoamericana -- |
| -- |
Conclusiones -- |
| -- |
Biografía sobre el Postumismo -- |
| -- |
Obra publicada por Domingo Moreno Jimenes -- |
| -- |
Poemas con Rimas -- |
| -- |
Poemas sin Rimas -- |
| -- |
Epílogo -- |
| -- |
Extraño saludo (A la hermana de la hija reintegrada). |
| 590 ## - LOCAL NOTE (RLIN) |
| Local note |
Inventariado, 2021/VM |
| 600 14 - SUBJECT ADDED ENTRY--PERSONAL NAME |
| Personal name |
Moreno Jimenes, Domingo |
| Dates associated with a name |
1894-1986 |
| General subdivision |
Crítica e interpretación |
| 650 #4 - SUBJECT ADDED ENTRY--TOPICAL TERM |
| Topical term or geographic name as entry element |
Poesía dominicana |
| 650 #4 - SUBJECT ADDED ENTRY--TOPICAL TERM |
| Topical term or geographic name as entry element |
Formas literarias |
| 650 #4 - SUBJECT ADDED ENTRY--TOPICAL TERM |
| Topical term or geographic name as entry element |
Literatura dominicana. |
| 700 1# - ADDED ENTRY--PERSONAL NAME |
| Personal name |
Mora Serrano, Manuel |
| Dates associated with a name |
1933- |
| Titles and other words associated with a name |
|
| Relator term |
|
| 910 ## - USER-OPTION DATA (OCLC) |
| User-option data |
VMateo V. |
| 942 ## - ADDED ENTRY ELEMENTS (KOHA) |
| Source of classification or shelving scheme |
Dewey Decimal Classification |
| Koha item type |
Libros |